1926 1490 1484 1051 1590 1449 1091 1645 1480 1649 1467 1394 1037 1913 1809 1581 1918 1583 1482 1161 1097 1909 1979 1503 1514 1574 1288 1916 1405 1679 1400 1948 1330 1719 1164 1884 1490 1451 1347 1929 1106 1843 1471 1720 1587 1089 1658 1304 1568 1801 1903 1995 1478 1863 1400 1685 1293 1900 1286 1639 1017 1862 1766 1664 1189 1066 1149 1485 1507 1451 1138 1412 1665 1195 1932 1825 1563 1625 1853 1663 1754 1133 1791 1530 1967 1203 1118 1536 1929 1734 1566 1809 1245 1457 1722 1139 1849 1378 1892 BCNSPRNW ULIB Ver.6.0+V

เปลี่ยนเป็นภาษาไทย

Change to English
 แสดงรายละเอียดบรรณานุกรม
  กลับหน้าหลัก

Brief Record : Get Marc (ISO 2709) : E-mail record : QR code < ปิดหน้าต่าง
LEADER : 00000nam 2200000uu 4500
001    13399111612
003     ULIB
008    110627s2546||||th 000 0 tha d
099    วจ.WA590^bส765ก 2546
100 0  สุดกัญญา พัทวี
245 00 การรับรู้ประโยชน์ การรับรู้อุปสรรคของพฤติกรรม ส่งเสริมสุขภาพ และพฤติกรรมส่งเสริมสุขภาพของหญิงตั้งครรภ์วัยรุ่น/^cสุดกัญญา พัทวี
260    นครสวรรค์ :^bวิทยาลัยพยาบาลบรมราชชชนี สวรรค์ประชารักษ์,^c2546
300    72 หน้า
650  7 การส่งเสริมสุขภาพ
650  7 พฤติกรรมสุขภาพ
650  7 วิทยาลัยพยาบาลบรมราชชนนี สวรรค์ประชารักษ์
945    ^p0^l0^i023523
995    ทศพร
999 ^a ใช้งานได้ทุกระบบ
รายการนี้ยังไม่มีแท็ก
คุณยังไม่ได้ล็อกอิน คุณสามารถมีกิจกรรมร่วมกับเว็บไซต์ได้ แต่ต้องล็อกอินก่อน ::
  ล็อกอิน

รายการสื่อสารสนเทศ

ลำดับที่ ประเภท เลขเรียก/บาร์โค้ด สถานที่ สถานะ
- ไม่พบข้อมูล -

รายการใกล้เคียง
    หัวเรื่อง [การส่งเสริมสุขภาพ]
    หัวเรื่อง [พฤติกรรมสุขภาพ]
    หัวเรื่อง [วิทยาลัยพยาบาลบรมราชชนนี สวรรค์ประชารักษ์]

BibComment


ยังไม่เคยถูกคอมเมนท์

คอมเมนท์ทรัพยากรรายการนี้
  คอมเมนท์: การรับรู้ประโยชน์..


 Copyright 2026. Bcnsprnw @Library